Mosby's essentials for nursing assistants / (Record no. 2629)

MARC details
000 -LEADER
fixed length control field 00579cam a22001938i 4500
008 - FIXED-LENGTH DATA ELEMENTS--GENERAL INFORMATION
fixed length control field 171016s2018 mou b 001 0 eng
020 ## - INTERNATIONAL STANDARD BOOK NUMBER
ISBN 9780323523929 (pbk. : alk. paper)
100 1# - MAIN ENTRY--AUTHOR
Author Sorrentino, Sheila A.,
245 10 - TITLE STATEMENT
Title Mosby's essentials for nursing assistants /
Statement of responsibility, etc Sheila A. Sorrentino, Leighann N. Remmert.
250 ## - EDITION STATEMENT
Edition statement Sixth edition.
260 ## - PUBLICATION, DISTRIBUTION, ETC. (IMPRINT)
Place of publication Missouri
Name of publisher Elsevier Ltd
Date of publication 2019
300 ## - COLLATION
Pagination xx,578p
650 12 - TRACINGS
Main Subject Nurses' Aides
650 22 - TRACINGS
Main Subject Nursing Care
Subdivision (2nd) methods
700 1# - ADDITIONAL AUTHOR
Additional Author Remmert, Leighann N.,
942 ## - ADDED ENTRY ELEMENTS (KOHA)
Item type Books
050 00 - LIBRARY OF CONGRESS CALL NUMBER
Classification number RT84
Item number .S67
082 00 - DEWEY DECIMAL CLASSIFICATION NUMBER
Classification number 610.7306/98
Holdings
Source of classification or shelving scheme Not for loan Permanent location Current location Date acquired Accession No. Full call number Barcode. Koha item type
Library of Congress Classification   Medical Library Medical Library 03/24/2025 2024/63840 RT84.S67 2025-0917 Books